Oklahoma Sooners Head Football Coaches - Statistics

General Stats
  • This quiz has been taken 62 times
    42 since last reset
  • The average score is 9 of 23
Answer Stats
Years Win-Loss-Tie Record Answer % Correct
1999-2016 190-48* Bob Stoops
100%
2017-2021 55-10 Lincoln Riley
97%
2022-current 26-17 Brent Venables
94%
1973-1988 157-29-4 * Barry Switzer
92%
1947-1963 145-29-4 * Bud Wilkinson
83%
1905-1926 122-54-16 * Bennie Owen
56%
1995 5-5-1 Howard Schnellenberger
53%
1989-1994 44-23-2 Gary Gibbs
50%
1996-1998 12-22 John Blake
50%
1967-1972 52-15-1 Chuck Fairbanks
44%
1964-1965 9-11-1 Gomer Jones
33%
1935-1936 9-6-3 * Lawrence Jones
33%
1966 6-4 Jim Mackenzie
25%
1941-1945 27-18-3 Dewey Luster
14%
1946 8-3 * Jim Tatum
14%
1897-1900 9-2-1 Vernon Parrington
11%
1927-1931 19-19-6 Adrian Lindsey
8%
1904 4-3-1 Fred Ewing
8%
1901 3-2 Fred Roberts
8%
1895 0-1 Jack Harts
8%
1932-1934 11-12-4 Lewie Hardage
8%
1902-1903 11-7-3 Mark McMahon
8%
1937-1940 27-8-3 Tom Stidham
8%
No matching quizzes found
Score Distribution
Percent of People with Each Score
Percentile by Number Answered
Your Score History
You have not taken this quiz since the last reset